| 000 | 00929nam a2200229Ii 4500 | ||
|---|---|---|---|
| 003 | JO-AjNU | ||
| 008 | 230605s9999||||xx |||||||||||||| ||und|| | ||
| 017 | _a2020/9/2819 | ||
| 020 | _a978-9957-66-423-7 | ||
| 040 |
_aJO-AjNU _bara _erda _cJO-AjNU |
||
| 041 | _aara | ||
| 050 | 1 | 4 | _aRC454.2021 |
| 100 | 3 |
_aبوعود، اسماء, _eauthor _960048 |
|
| 245 | 0 | 0 | _aالاضطرابات النفسية والعقلية بين التناول السيكولوجي الحديث والتناول النفسي الديني الاسلامي |
| 250 | _aط1 | ||
| 264 | 3 | 1 | _aعمان: دار الحامد للنشر والتوزيع، 2021 |
| 300 | _a381ص | ||
| 336 |
_atext _btxt _2rdacontent |
||
| 337 |
_aunmediated _bn _2rdamedia |
||
| 338 |
_avolume _bnc _2rdacarrier |
||
| 650 | 4 |
_aالتطور التاريخي-التناول العلمي الحديث-الاضطرابات النفسية-اضطراب الاكتئاب _960049 |
|
| 999 |
_aA27055 _c30623 _d30623 |
||